Challenges and prospects of vehicle income tax administration in Ghana (Record no. 332)

MARC details
000 -LEADER
fixed length control field 00581nam a2200193Ia 4500
003 - CONTROL NUMBER IDENTIFIER
control field OSt
005 - DATE AND TIME OF LATEST TRANSACTION
control field 20241211111820.0
008 - FIXED-LENGTH DATA ELEMENTS--GENERAL INFORMATION
fixed length control field 240428s9999||||xx |||||||||||||| ||und||
020 ## - INTERNATIONAL STANDARD BOOK NUMBER
International Standard Book Number 9783330348974
041 ## - LANGUAGE CODE
Language code of text/sound track or separate title eng
082 ## - DEWEY DECIMAL CLASSIFICATION NUMBER
Classification number 336.2 A
100 ## - MAIN ENTRY--PERSONAL NAME
Personal name Ansah, Kofi Owusu
245 #0 - TITLE STATEMENT
Title Challenges and prospects of vehicle income tax administration in Ghana
260 ## - PUBLICATION, DISTRIBUTION, ETC.
Name of publisher, distributor, etc. Lambert Academic Pub.
Date of publication, distribution, etc. 2017
300 ## - PHYSICAL DESCRIPTION
Extent 71p.:diags, graphs., tabs.;
650 ## - SUBJECT ADDED ENTRY--TOPICAL TERM
Topical term or geographic name entry element Vehicle Income Tax Administration - Ghana - Vehicle Income Tax -Challenges and Prospects
942 ## - ADDED ENTRY ELEMENTS (KOHA)
Koha item type Books
Source of classification or shelving scheme Dewey Decimal Classification
Holdings
Withdrawn status Lost status Source of classification or shelving scheme Damaged status Not for loan Home library Current library Shelving location Date acquired Total checkouts Full call number Date last seen Copy number Price effective from Koha item type
    Dewey Decimal Classification     Main Library Main Library Open Shelves 14/09/2021   336.2A C1 29/04/2024 1 29/04/2024 Books
©2026  Parliament of Ghana Library - All rights reserved